A first course in combinatorial mathematics

Uloženo v:
Podrobná bibliografie
Hlavní autor: Anderson, Ian (Autor)
Médium: Kniha
Jazyk:angličtina
Vydáno: Oxford Clarendon Press 1989
Vydání:2a. ed
Edice:Oxford Applied Mathematics and Computing Science Series
Témata:
Tagy: Přidat tag
Žádné tagy, Buďte první, kdo vytvoří štítek k tomuto záznamu!

MARC

LEADER 00000nam a2200000 a 4500
001 UCU0287
003 CL-VaPUC
008 960322e19890000UK |||||||||||||||||eng|d
082 0 4 |a 511.6  |b AND  |2 21 
100 0 |a Anderson, Ian  |e author  |9 355316 
245 1 2 |a A first course in combinatorial mathematics 
250 |a 2a. ed 
300 |a 134 p 
942 |c BK 
945 |d 19960322 00:00:00  |a rleighto 
260 |a Oxford  |b Clarendon Press  |c 1989 
650 0 |a Análisis combinatorio   |9 269849 
650 0 |a Matemática  |9 260235 
650 0 |a Análisis binomial   |9 355317 
650 0 |a Ejercicios   |9 269807 
583 |a last modification  |c 19960322 00:00:00  |k Rodrigo Vera 
490 0 |a Oxford Applied Mathematics and Computing Science Series 
999 |c 245159  |d 245157 
952 |0 0  |1 0  |4 0  |6 511_600000000000000_AND_1989  |7 0  |8 A  |9 259582  |a BIBMAT  |b BIBMAT  |d 2019-11-19  |i 3183211  |o 511.6 AND 1989  |p 3183211  |r 2025-01-07  |w 2019-11-19  |y BK  |k MAT